000 00545nam a22001937a 4500
003 KOHA_MİRAKIL
005 20251116171722.0
008 251116b tu ||||| |||| 00| 0 tur d
020 _a9786052036136
040 _aTR-AnABB
_btur
_cTR-AnABB
041 _atur
082 _a813.42
_bARI 2017
100 1 _aArı, Tekgül,
245 1 0 _aNişa kaybolmaya hazır değilim /
_cTekgül Arı
260 _aİstanbul :
_bNotaBene Yayınları,
_c2017
300 _a176 sayfa ;
_c19 cm
650 0 4 _aTürk edebiyatı, roman
942 _2ddc
_cBK
999 _c9466
_d9466
900 _bGizem YORULMAZ